Shereen F Ratnagar (1944–2026) : Uncompromising excavator of historical truth (Record no. 533792)
[ view plain ]
| 000 -LEADER | |
|---|---|
| fixed length control field | 01106nam a22001337a 4500 |
| 008 - FIXED-LENGTH DATA ELEMENTS--GENERAL INFORMATION | |
| fixed length control field | 260624b ||||| |||| 00| 0 eng d |
| 100 ## - MAIN ENTRY--PERSONAL NAME | |
| Personal name | Dandekar, Ajay |
| 245 ## - TITLE STATEMENT | |
| Title | Shereen F Ratnagar (1944–2026) : Uncompromising excavator of historical truth |
| 260 ## - PUBLICATION, DISTRIBUTION, ETC. (IMPRINT) | |
| Place of publication, distribution, etc | Economic & Political Weekly |
| 300 ## - PHYSICAL DESCRIPTION | |
| Extent | 61(23), Jun 6, 2026: p.30-31 |
| 520 ## - SUMMARY, ETC. | |
| Summary, etc | Shereen F Ratnagar was an extraordinary personality in every sense of the term. Born in Mumbai (amchi Mumbai [“our Mumbai” in Marathi], as she would sometimes fondly say), she, perhaps at a very early age, had decided to pursue the past through the lens of the discipline of archaeology. As we know from her, “something clicked,” when she read Mortimer Wheeler’s Archaeology from the Earth (1954) in Class 9. Fortunately, from then on, given Ratnagar’s persistence, there was no looking back on the decision. Thus, the fields of proto history and Indus Valley culture gained. – Reproduced https://www.epw.in/journal/2026/23/commentary/shereen-f-ratnagar-1944-2026.html |
| 773 ## - HOST ITEM ENTRY | |
| Main entry heading | Economic & Political Weekly |
| 942 ## - ADDED ENTRY ELEMENTS (KOHA) | |
| Item type | Articles |
| Withdrawn status | Lost status | Source of classification or shelving scheme | Damaged status | Not for loan | Permanent location | Current location | Date acquired | Serial Enumeration / chronology | Barcode | Date last seen | Koha item type |
|---|---|---|---|---|---|---|---|---|---|---|---|
| Indian Institute of Public Administration | Indian Institute of Public Administration | 2026-06-24 | 61(23), Jun 6, 2026: p.30-31 | AR139254 | 2026-06-24 | Articles |
